Statistics for Paul's Aliases

Click here to take the quiz!

General Stats

  • This quiz has been taken 20 times
    (2 since last reset)
  • The average score is 28 of 47

Answer Stats

HintAnswer% Correct
37The Master of Enigmas???
100%
1Mr. Kuzenko mispronunciation of GabrielBabrier
100%
13Challenge Accepted!Barney Stinson
100%
33He is a wise mentor, kinda like Yoda except he is not little and green, he is awesome and is a broBroda
100%
5You HAVE heard of this pirateCaptain Jack Sparrow
100%
11His name is ____ and you'll do what he says (WOOT WOOT!)Doof
100%
9The above ^ in MexicoEobard Thawne
100%
14How YOU Doin?Joey Tribiani
100%
15His father was... a drinker... and a fiend...Joker
100%
31I am only a 1 letter...letter...L
100%
32Legendary with Strawberries and is a BroLegenberrybro
100%
29Most Memorable Performance by an actorPaul
100%
40One of his favourite hobbies is parking in Demetrios' garagePaul
100%
28Proud owner of TinkPaul
100%
27Most likely to never grow up and stay young at heartPaul
100%
34His "Best Friend" can get you through concretePaul
100%
35He almost hit Mr. Adair with his said "Best Friend"Paul
100%
39He has Physics class in the Cafeteria with the "Cook"Paul
100%
42Mr. Kelsch's student who forgot to pray the Exercises during the Christmas seasonPaul
100%
7The above ^ as a speeding teacherProfessor Zoom
100%
6He likes to run backwardsReverse Flash
100%
3Mr. Smith's nickname for himAggy
50%
12He's "NOT WEARING HOCKEY PANTS!"Batman
50%
46His name is PaulCause that's his name
50%
8The above ^ as a guy playing a guy disguised as another guy who is a doctorHarisson Wells
50%
30I got strawberries, oranges..."pina" coladaHerbert
50%
44He is a teenage ShinigamiIchigo Kurosaki
50%
18Also known as Joseph KerrJeht Reko
50%
17Also known as Jeht RekoJoseph Kerr
50%
47Who would you like me to call?Meester Pole
50%
25When he washes cars, all the boys come to the yardMilkshakes
50%
45He is known as the Salamander of Fairy TailNatsu Dragneel
50%
2Middle-Eastern nicknamePaool
50%
36Carter can SUCK IT!Popo
50%
38HiPopo
50%
26A Metal Weeding Master with an Electrifying Personality (A villain from the comic books)Dr. Doom
0%
19He can also be KoreanHo-Jon
0%
22A nice old ladyIola
0%
43AAAAAAAAAHAAAAAAAAAAAAAAAAA!!!! YEAH!...sorry...I did not mean! To Blow Your Mind!Jables
0%
10The nickname is on his monogrammed work glovesJudge Fudge
0%
41He is Brian's long lost identical half twin brotherJun Tao
0%
16Also known as ____ of the SharinganKakashi Hatake
0%
20The figurehead of Hamlet in 15 minutesLittle Mermaid
0%
23He likes to wear suitsMan From Glad
0%
24He likes to Spice Things upOld Spice Guy
0%
21A very Suave ThiefSidney Prince Esq
0%
4Modern culture take on the above ^Swaggy
0%

Score Distribution

Percentile by Number Answered

Percent of People with Each Score

Your Score History

You have not taken this quiz since the last reset